Saaria muotojen mukaan #1 - Statistics

Yleistilastot
  • Tätä visaa on pelattu 345 kertaa
  • Keskiarvotulos 10 / 16
Vastaustilastot
Kuvavisa Vastaus % Oikein
Australia
100%
Islanti
94%
Iso-Britannia
93%
Kypros
93%
Sri Lanka
87%
Kuuba
82%
Grönlanti
73%
Sisilia
57%
Kreeta
51%
Hokkaido
42%
Pohjoissaari
36%
Sulawesi
35%
Newfoundland
34%
Uusi-Guinea
33%
Baffin
28%
Havaiji
12%
Ehtoja vastaavia visoja ei löytynyt
Tulosjakauma
Jokaisen tuloksen saaneiden osuus
Persentiili vastausten määrän mukaan
Tuloshistoriasi
Et ole pelannut tätä visaa